000 00639nam a2200229Ia 4500
008 180523s9999 xx 000 0 und d
020 _a0-13-054254-7
050 _aMAIN QC 23
050 _b.H49 2002
100 _aHewitt, Paul G.
245 0 _aConceptual physics :
245 4 _bthe high school physics program /
245 0 _cwritten and illustrated by Paul G. Hewitt
260 _aNew Jersey :
260 _bPrentice-Hall Inc.
260 _c2002
300 _a723 pages :
300 _c26 cm.
500 _aIncludes index.
650 _aPhysics -- Study and teaching (Secondary).
650 _xPhysics -- Textbooks.
999 _c357521
_d357521